00233nam a2200097Ia 4500008004100000041000800041082001400049100002100063245004200084260000900126240625s9999 xx 000 0 und d aeng a519.5 AND aANDERSON DAVID R aSTATISTICS FOR BUSINESS AND ECONOMICS c2014